000 00779nam a2200229 i 4500
001 000034339
003 DO-SdBNP
005 20240618112705.0
007 ta
008 111003s1982 dr a 000 0 spa d
040 _aDO-SdBNP
_bspa
_cBNPHU
_erda
082 4 _222
100 1 _a García Arévalo, Manuel Antonio,
_d1948-
_959457
_eautor
245 1 0 _aMuseo arqueológico regional :
_bAltos de Chavón /
_cManuel Ant. García Arévalo.
264 _aLa Romana, República Dominicana :
_bMuseo Arqueológico Regional de Altos de Chavón ,
_c1982.
300 _a127 páginas :
_bilustraciones ;
_c25 cm.
336 _2rdacontent
_atexto
_btxt
337 _2rdamedia
_asin mediación
_bn
338 _2rdacarrier
_avolumen
_bnc
590 _aInventariado, 2024/BT
942 _2ddc
_cLBS1
999 _c33830
_d33830